<Le> droit, arme stratégique pour l'entreprise.

Stane sa Francúzsko Amerikou pri uplatňovaní práva v podnikaní? Príklady podnikov, ktoré prešli z defenzívy do útoku. Efektívnosť právnych skupinových služieb. Hojnosť právnych pravidiel. Príloha: distribúcia ako ustavičný konflikt, diplom ako nová hospodárska zbraň, ekológia - prvé európské právo....

ver descrição completa

Na minha lista:
Detalhes bibliográficos
Autor principal: Orange, M.
Formato: Capítulo de Livro
Idioma:francês
Assuntos:
Tags: Adicionar Tag
Sem tags, seja o primeiro a adicionar uma tag!

MARC

LEADER 00000naa a2200000 4500
001 r008699
005 20220913124935.6
041 0 |a fre 
044 |a FR 
245 1 0 |a <Le> droit, arme stratégique pour l'entreprise.  |c M. Orange 
520 |a Stane sa Francúzsko Amerikou pri uplatňovaní práva v podnikaní? Príklady podnikov, ktoré prešli z defenzívy do útoku. Efektívnosť právnych skupinových služieb. Hojnosť právnych pravidiel. Príloha: distribúcia ako ustavičný konflikt, diplom ako nová hospodárska zbraň, ekológia - prvé európské právo. (L'Usine nouvelle 1992, č.2357). 
610 2 0 |a podnikanie 
610 2 0 |a podnik 
610 2 0 |a právo hospodárske 
610 2 0 |a predpisy právne 
610 2 0 |a Francúzsko 
100 1 |a Orange, M.